[Event "Aleksandria Cup"]
[Site "?"]
[Date "2015.07.13"]
[Round "1.10"]
[White "Gaboyan, Susanna"]
[Black "Azaladze, Shota"]
[Result "0-1"]
[LiveChessVersion "1.3.1"]
[BlackElo "2488"]
[WhiteElo "2165"]

1. d4 {[%clk 1:30:58]} g6 {[%clk 1:26:51]} 2. c4 {[%clk 1:31:17]} Bg7
{[%clk 1:27:18]} 3. Nc3 {[%clk 1:31:31]} Nf6 {[%clk 1:27:18]} 4. Nf3
{[%clk 1:31:42]} O-O {[%clk 1:27:44]} 5. g3 {[%clk 1:32:04]} c6 {[%clk 1:26:42]}
6. Bg2 {[%clk 1:32:14]} d6 {[%clk 1:25:54]} 7. O-O {[%clk 1:32:27]} Qa5
{[%clk 1:26:17]} 8. e4 {[%clk 1:32:37]} Be6 {[%clk 1:22:26]} 9. d5
{[%clk 1:32:39]} Bg4 {[%clk 1:22:49]} 10. h3 {[%clk 1:29:59]} Bxf3
{[%clk 1:23:13]} 11. Qxf3 {[%clk 1:30:01]} Nfd7 {[%clk 1:22:53]} 12. Qe2
{[%clk 1:25:11]} Qc7 {[%clk 1:09:32]} 13. Bg5 {[%clk 1:20:36]} Re8
{[%clk 1:09:51]} 14. Rac1 {[%clk 1:18:53]} a5 {[%clk 1:09:38]} 15. Kh2
{[%clk 1:05:30]} Na6 {[%clk 1:05:06]} 16. f4 {[%clk 1:04:54]} Nac5
{[%clk 1:05:29]} 17. Rcd1 {[%clk 1:00:49]} a4 {[%clk 1:05:00]} 18. Qc2
{[%clk 0:43:32]} Ra6 {[%clk 1:00:08]} 19. e5 {[%clk 0:42:26]} dxe5
{[%clk 0:55:52]} 20. Bxe7 {[%clk 0:41:13]} exf4 {[%clk 0:55:55]} 21. Rxf4
{[%clk 0:37:56]} Rxe7 {[%clk 0:37:44]} 22. d6 {[%clk 0:38:06]} Qd8
{[%clk 0:38:10]} 23. dxe7 {[%clk 0:38:28]} Qxe7 {[%clk 0:38:35]} 24. Ne4
{[%clk 0:31:28]} Ne6 {[%clk 0:36:25]} 25. Rf2 {[%clk 0:30:55]} Ra8
{[%clk 0:32:34]} 26. Rfd2 {[%clk 0:21:54]} Ndc5 {[%clk 0:31:29]} 27. Nxc5
{[%clk 0:20:30]} Nxc5 {[%clk 0:27:49]} 28. b4 {[%clk 0:20:41]} axb3
{[%clk 0:27:58]} 29. axb3 {[%clk 0:21:00]} Be5 {[%clk 0:23:23]} 30. b4
{[%clk 0:20:00]} Ne6 {[%clk 0:23:43]} 31. Qe4 {[%clk 0:09:18]} Bc7
{[%clk 0:22:30]} 32. c5 {[%clk 0:07:37]} Ra3 {[%clk 0:16:32]} 33. Rd3
{[%clk 0:07:46]} Rxd3 {[%clk 0:16:35]} 34. Rxd3 {[%clk 0:07:04]} Kg7
{[%clk 0:16:51]} 35. h4 {[%clk 0:06:23]} f5 {[%clk 0:15:43]} 36. Qc4
{[%clk 0:06:22]} f4 {[%clk 0:16:05]} 37. Bh3 {[%clk 0:05:33]} fxg3+
{[%clk 0:15:25]} 38. Kg2 {[%clk 0:04:36]} Nf4+ {[%clk 0:14:34]} 39. Qxf4
{[%clk 0:04:55]} Qe2+ {[%clk 0:14:16]} 0-1

[Event "Aleksandria Cup"]
[Site "?"]
[Date "2015.07.13"]
[Round "1.11"]
[White "Quparadze, Giga"]
[Black "Babayan, Armine"]
[Result "0-1"]
[LiveChessVersion "1.3.1"]
[BlackElo "2154"]
[WhiteElo "2484"]

1. e4 {[%clk 1:31:20]} c5 {[%clk 1:31:26]} 2. Nf3 {[%clk 1:31:44]} Nc6
{[%clk 1:31:53]} 3. d4 {[%clk 1:31:44]} cxd4 4. Nxd4 {[%clk 1:32:33]} Qb6
{[%clk 1:32:20]} 5. Nb3 {[%clk 1:32:33]} Nf6 {[%clk 1:32:20]} 6. Nc3
{[%clk 1:33:12]} e6 {[%clk 1:33:41]} 7. Be3 {[%clk 1:33:36]} Qc7 {[%clk 1:34:05]}
8. a3 {[%clk 1:32:52]} a6 {[%clk 1:34:30]} 9. f4 {[%clk 1:33:16]} d6
{[%clk 1:34:50]} 10. Bd3 {[%clk 1:33:39]} Be7 11. O-O {[%clk 1:34:04]} O-O
{[%clk 1:35:05]} 12. Qf3 {[%clk 1:33:50]} b5 {[%clk 1:32:21]} 13. Qh3
{[%clk 1:33:15]} g6 {[%clk 1:28:25]} 14. Rae1 {[%clk 1:33:15]} b4
{[%clk 1:28:25]} 15. axb4 {[%clk 1:31:51]} Nxb4 {[%clk 1:23:49]} 16. e5
{[%clk 1:30:47]} Nfd5 {[%clk 1:23:04]} 17. Nxd5 {[%clk 1:27:18]} exd5
{[%clk 1:14:59]} 18. Qh6 {[%clk 1:27:40]} Nxd3 {[%clk 1:13:20]} 19. cxd3
{[%clk 1:25:24]} Bf5 {[%clk 1:12:21]} 20. Bd4 {[%clk 1:23:28]} f6
{[%clk 1:03:25]} 21. Re3 {[%clk 1:23:38]} dxe5 {[%clk 0:59:55]} 22. fxe5
{[%clk 1:23:13]} fxe5 {[%clk 1:00:19]} 23. Bxe5 {[%clk 1:23:13]} Bd6
{[%clk 0:47:02]} 24. Rc1 {[%clk 1:16:52]} Qe7 {[%clk 0:41:10]} 25. Rce1
{[%clk 0:59:33]} Rf7 {[%clk 0:41:25]} 26. Bxd6 {[%clk 0:59:52]} Qxd6
{[%clk 0:41:25]} 27. Re8+ {[%clk 0:59:52]} Rxe8 {[%clk 0:41:25]} 28. Rxe8+
{[%clk 0:59:52]} Rf8 {[%clk 0:42:39]} 29. Qxf8+ {[%clk 0:59:40]} Qxf8
{[%clk 0:42:39]} 30. Rxf8+ {[%clk 1:00:22]} Kxf8 {[%clk 0:36:21]} 31. Nc5
{[%clk 0:59:16]} Ke7 {[%clk 0:35:05]} 32. Kf2 {[%clk 0:59:41]} Kd6
{[%clk 0:31:46]} 33. d4 {[%clk 1:00:05]} Bc8 {[%clk 0:27:23]} 34. Ke3
{[%clk 0:58:02]} g5 {[%clk 0:25:11]} 35. Kd2 {[%clk 0:58:26]} Kc6
{[%clk 0:23:58]} 36. Kc3 {[%clk 0:58:50]} Kb5 37. Nd3 {[%clk 0:59:14]} Bf5
{[%clk 0:22:10]} 38. Ne5 {[%clk 0:58:52]} Be6 {[%clk 0:11:31]} 39. Nf3
{[%clk 1:29:17]} h6 {[%clk 0:36:06]} 40. Ne5 {[%clk 1:29:36]} a5 {[%clk 0:29:41]}
41. Kb3 {[%clk 1:28:57]} h5 {[%clk 0:22:52]} 42. Kc3 {[%clk 1:27:55]} Bf5
{[%clk 0:23:17]} 43. Nf7 {[%clk 1:26:15]} Be4 {[%clk 0:23:39]} 44. Nxg5
{[%clk 1:26:15]} Bxg2 {[%clk 0:11:48]} 45. h4 {[%clk 1:26:44]} a4
{[%clk 0:11:48]} 46. Ne6 {[%clk 1:26:44]} 0-1

[Event "Aleksandria Cup"]
[Site "?"]
[Date "2015.07.13"]
[Round "1.12"]
[White "Matevosyan, Sedrak"]
[Black "Benidze, Davit"]
[Result "0-1"]
[LiveChessVersion "1.3.1"]
[BlackElo "2465"]
[WhiteElo "2145"]

1. Nf3 {[%clk 1:30:56]} Nf6 {[%clk 1:30:56]} 2. c4 {[%clk 1:31:20]} e6
{[%clk 1:31:23]} 3. d4 {[%clk 1:31:39]} c5 {[%clk 1:31:52]} 4. e3
{[%clk 1:30:33]} Be7 {[%clk 1:31:24]} 5. Nc3 {[%clk 1:30:32]} O-O
{[%clk 1:31:31]} 6. Bd3 {[%clk 1:27:00]} cxd4 {[%clk 1:30:19]} 7. exd4
{[%clk 1:27:19]} d5 {[%clk 1:30:48]} 8. O-O {[%clk 1:27:19]} Nc6 {[%clk 1:31:13]}
9. Re1 {[%clk 1:24:45]} Nb4 {[%clk 1:30:57]} 10. Bf1 {[%clk 1:23:37]} dxc4
{[%clk 1:28:35]} 11. Bxc4 {[%clk 1:23:51]} b6 {[%clk 1:29:01]} 12. a3
{[%clk 1:18:54]} Nbd5 {[%clk 1:28:54]} 13. Ne5 {[%clk 1:11:40]} Bb7
{[%clk 1:28:47]} 14. Qf3 {[%clk 1:11:06]} Rc8 {[%clk 1:25:30]} 15. Bg5
{[%clk 1:06:44]} Ba8 {[%clk 1:21:17]} 16. Qh3 {[%clk 1:02:21]} Nxc3
{[%clk 1:16:12]} 17. bxc3 {[%clk 0:59:36]} Nd5 {[%clk 1:16:08]} 18. Bd3
{[%clk 0:50:11]} f5 {[%clk 1:14:32]} 19. Bd2 {[%clk 0:44:09]} Bg5
{[%clk 1:14:34]} 20. Bxg5 {[%clk 0:32:55]} Qxg5 {[%clk 1:15:01]} 21. Bc4
{[%clk 0:29:55]} b5 {[%clk 1:15:25]} 22. Bxb5 {[%clk 0:21:44]} Rxc3
{[%clk 1:13:10]} 23. f3 {[%clk 0:19:38]} Qf4 {[%clk 1:10:13]} 24. Rad1
{[%clk 0:18:47]} Ne3 {[%clk 1:09:30]} 25. g3 {[%clk 0:16:40]} Qg5
{[%clk 1:06:07]} 26. Rd3 {[%clk 0:14:28]} Nd5 {[%clk 1:02:55]} 27. Rxc3
{[%clk 0:07:24]} Nxc3 {[%clk 1:02:57]} 28. Bc4 {[%clk 0:04:21]} Bd5
{[%clk 1:03:00]} 29. Qf1 {[%clk 0:02:38]} f4 {[%clk 0:57:50]} 30. Qd3
{[%clk 0:01:45]} Bxc4 {[%clk 0:55:27]} 31. Qxc4 {[%clk 0:00:47]} Nd5
{[%clk 0:55:56]} 32. Qc6 {[%clk 0:00:43]} Qf6 {[%clk 0:56:24]} 33. g4
{[%clk 0:00:39]} h5 {[%clk 0:55:54]} 34. Re4 {[%clk 0:00:52]} Rb8
{[%clk 0:54:46]} 35. Nd3 {[%clk 0:00:54]} hxg4 {[%clk 0:54:21]} 36. Qxe6+
{[%clk 0:00:46]} Qxe6 {[%clk 0:54:47]} 37. Rxe6 {[%clk 0:01:13]} gxf3
{[%clk 0:53:56]} 38. Kf2 {[%clk 0:00:36]} Rb3 {[%clk 0:54:24]} 39. Ne1
{[%clk 0:00:44]} Rxa3 {[%clk 0:52:49]} 40. Nxf3 {[%clk 0:30:46]} Ra2+
{[%clk 1:22:19]} 41. Ke1 {[%clk 0:28:09]} Nf6 {[%clk 1:19:54]} 42. Re5
{[%clk 0:21:52]} Ra3 {[%clk 1:17:51]} 43. Ke2 {[%clk 0:18:27]} Ng4
{[%clk 1:17:34]} 44. Re4 {[%clk 0:18:29]} Ra2+ {[%clk 1:06:33]} 45. Ke1
{[%clk 0:18:35]} Nf2 {[%clk 1:06:50]} 46. Re6 {[%clk 0:15:23]} Nd3+
{[%clk 1:06:03]} 47. Kd1 {[%clk 0:15:47]} Kf8 {[%clk 1:06:30]} 48. h4
{[%clk 0:13:28]} Rb2 {[%clk 1:06:17]} 49. Ng5 {[%clk 0:10:23]} Rb4
{[%clk 1:01:48]} 50. Nh7+ {[%clk 0:09:45]} Kg8 {[%clk 1:02:17]} 51. Ng5
{[%clk 0:10:05]} Rb8 {[%clk 1:02:45]} 52. Ke2 {[%clk 0:08:22]} Nb4
{[%clk 1:03:02]} 53. Kf3 {[%clk 0:08:19]} a5 {[%clk 1:03:22]} 54. Re5
{[%clk 0:07:36]} Nc6 {[%clk 1:03:33]} 55. Rc5 {[%clk 0:07:30]} Nxd4+
{[%clk 1:03:49]} 56. Kxf4 {[%clk 0:07:56]} Nb5 {[%clk 1:04:06]} 57. Rc4
{[%clk 0:04:31]} Ra8 {[%clk 1:04:08]} 58. Ra4 {[%clk 0:04:04]} Nd6
{[%clk 1:03:58]} 59. Ne6 {[%clk 0:03:37]} Nb7 {[%clk 1:03:35]} 60. Ke5
{[%clk 0:02:11]} Re8 {[%clk 1:03:58]} 61. Rg4 {[%clk 0:02:31]} Nd8
{[%clk 1:03:53]} 62. Rxg7+ {[%clk 0:02:57]} Kh8 {[%clk 1:04:21]} 63. Rd7
{[%clk 0:01:40]} Nxe6 {[%clk 1:04:35]} 64. Ra7 {[%clk 0:01:36]} Nc5+
{[%clk 1:00:48]} 65. Kd5 {[%clk 0:00:32]} Nb3 {[%clk 1:01:17]} 66. h5
{[%clk 0:00:37]} Rc8 {[%clk 1:01:09]} 67. h6 {[%clk 0:00:33]} Rc5+
{[%clk 1:01:35]} 68. Kd6 {[%clk 0:00:40]} Rh5 {[%clk 1:01:58]} 69. Kc6
{[%clk 0:00:39]} Rxh6+ {[%clk 1:02:15]} 70. Kb5 {[%clk 0:01:04]} Rh4
{[%clk 1:02:43]} 71. Re7 {[%clk 0:00:34]} Rb4+ {[%clk 1:03:08]} 0-1

[Event "Aleksandria Cup"]
[Site "?"]
[Date "2015.07.13"]
[Round "1.13"]
[White "Sivuk, Vitaly"]
[Black "Mustafin, Andrey"]
[Result "1-0"]
[LiveChessVersion "1.3.1"]
[BlackElo "2144"]
[WhiteElo "2463"]

1. d4 {[%clk 1:30:54]} Nf6 {[%clk 1:30:52]} 2. c4 {[%clk 1:31:12]} g6
{[%clk 1:31:19]} 3. Nc3 {[%clk 1:31:30]} Bg7 {[%clk 1:31:43]} 4. e4
{[%clk 1:31:46]} d6 {[%clk 1:32:10]} 5. Nf3 {[%clk 1:31:57]} O-O {[%clk 1:32:32]}
6. Be2 {[%clk 1:32:17]} c5 {[%clk 1:32:59]} 7. O-O {[%clk 1:32:13]} Bg4
{[%clk 1:33:13]} 8. d5 {[%clk 1:31:17]} e5 {[%clk 1:33:28]} 9. Ne1
{[%clk 1:29:45]} Bxe2 {[%clk 1:32:24]} 10. Qxe2 {[%clk 1:30:00]} Nh5
{[%clk 1:31:38]} 11. Nd3 {[%clk 1:29:20]} Na6 {[%clk 1:31:47]} 12. a3
{[%clk 1:27:07]} Nc7 {[%clk 1:29:14]} 13. b4 {[%clk 1:26:30]} Nf4
{[%clk 1:28:57]} 14. Bxf4 {[%clk 1:22:44]} exf4 {[%clk 1:29:20]} 15. Rac1
{[%clk 1:23:03]} b6 {[%clk 1:19:47]} 16. Nxf4 {[%clk 1:14:45]} Bh6
{[%clk 1:19:37]} 17. g3 {[%clk 1:06:19]} cxb4 {[%clk 1:18:51]} 18. axb4
{[%clk 1:06:34]} Na6 {[%clk 1:17:15]} 19. Na2 {[%clk 1:00:32]} Qf6
{[%clk 1:16:00]} 20. c5 {[%clk 0:55:20]} Bxf4 {[%clk 1:13:22]} 21. gxf4
{[%clk 0:55:34]} Qxf4 {[%clk 1:13:43]} 22. f3 {[%clk 0:55:29]} f5
{[%clk 0:57:43]} 23. Qxa6 {[%clk 0:41:03]} fxe4 {[%clk 0:57:59]} 24. Kh1
{[%clk 0:32:52]} exf3 {[%clk 0:54:38]} 25. Qc4 {[%clk 0:29:47]} Qg5
{[%clk 0:50:21]} 26. Rf2 {[%clk 0:27:31]} Rae8 {[%clk 0:45:19]} 27. c6
{[%clk 0:22:30]} Qe3 {[%clk 0:39:20]} 28. Rcf1 {[%clk 0:20:07]} g5
{[%clk 0:31:33]} 29. Qc1 {[%clk 0:15:47]} Qe5 {[%clk 0:22:33]} 30. Rg1
{[%clk 0:08:45]} h6 {[%clk 0:20:39]} 31. Nc3 {[%clk 0:08:36]} Rf7
{[%clk 0:08:52]} 32. Qd2 {[%clk 0:08:41]} a6 {[%clk 0:04:01]} 33. Qd3
{[%clk 0:08:43]} Qf4 {[%clk 0:03:05]} 34. Qg6+ {[%clk 0:08:20]} Kf8
{[%clk 0:02:24]} 35. Qxh6+ {[%clk 0:08:25]} Rg7 {[%clk 0:02:31]} 36. Rgf1
{[%clk 0:06:39]} Re3 {[%clk 0:02:03]} 37. Ne2 {[%clk 0:04:35]} 1-0

[Event "Aleksandria Cup"]
[Site "?"]
[Date "2015.07.13"]
[Round "1.14"]
[White "Datuashvili, Nona"]
[Black "Kostenko, Petr"]
[Result "0-1"]
[LiveChessVersion "1.3.1"]
[BlackElo "2457"]
[WhiteElo "2141"]

1. e4 {[%clk 0:59:51]} e6 {[%clk 1:26:47]} 2. d4 {[%clk 1:00:15]} d5
{[%clk 1:27:06]} 3. exd5 {[%clk 1:00:38]} exd5 {[%clk 1:27:10]} 4. Nf3
{[%clk 1:00:15]} Bg4 {[%clk 1:27:05]} 5. Be2 {[%clk 0:58:52]} Bd6
{[%clk 1:26:42]} 6. h3 {[%clk 0:59:06]} Bf5 {[%clk 1:26:11]} 7. O-O
{[%clk 0:56:40]} Ne7 {[%clk 1:26:21]} 8. c4 {[%clk 0:56:12]} c6 {[%clk 1:23:03]}
9. Nc3 {[%clk 0:53:55]} dxc4 {[%clk 1:22:26]} 10. Bxc4 {[%clk 0:54:03]} O-O
{[%clk 1:22:19]} 11. Be3 {[%clk 0:48:10]} Nd7 {[%clk 1:22:21]} 12. Re1
{[%clk 0:41:03]} Nb6 {[%clk 1:21:26]} 13. Bb3 {[%clk 0:41:11]} Ned5
{[%clk 1:19:25]} 14. Bg5 {[%clk 0:40:32]} Qc7 {[%clk 1:15:42]} 15. Rc1
{[%clk 0:38:44]} Nxc3 {[%clk 1:15:59]} 16. bxc3 {[%clk 0:36:03]} Ba3
{[%clk 1:11:40]} 17. Ra1 {[%clk 0:36:23]} Rae8 {[%clk 1:00:16]} 18. Qd2
{[%clk 0:34:48]} Nd5 {[%clk 0:57:09]} 19. Ne5 {[%clk 0:25:23]} Bd6
{[%clk 0:53:10]} 20. Bh4 {[%clk 0:22:23]} Bxe5 {[%clk 0:49:47]} 21. Rxe5
{[%clk 0:22:25]} Rxe5 {[%clk 0:50:10]} 22. Bg3 {[%clk 0:22:43]} Qa5
{[%clk 0:50:15]} 23. Bxe5 {[%clk 0:19:27]} Qxc3 {[%clk 0:49:51]} 24. Qd1
{[%clk 0:18:38]} Rd8 {[%clk 0:48:05]} 25. Rc1 {[%clk 0:18:46]} Qb2
{[%clk 0:46:06]} 26. Rc5 {[%clk 0:17:33]} Be6 {[%clk 0:40:14]} 27. Qe1
{[%clk 0:15:22]} Re8 {[%clk 0:33:10]} 28. Bc2 {[%clk 0:08:52]} f6
{[%clk 0:32:35]} 29. Qe4 {[%clk 0:07:59]} g6 {[%clk 0:32:54]} 30. Bd6
{[%clk 0:05:46]} Qxa2 {[%clk 0:28:00]} 31. h4 {[%clk 0:04:45]} Kf7
{[%clk 0:26:50]} 32. Bb1 {[%clk 0:03:36]} Qa1 {[%clk 0:26:24]} 33. Rc1
{[%clk 0:01:35]} Bf5 {[%clk 0:19:27]} 34. Qf3 {[%clk 0:02:00]} Bxb1
{[%clk 0:18:34]} 35. Qb3 {[%clk 0:02:25]} b6 {[%clk 0:16:04]} 36. h5
{[%clk 0:01:13]} Re6 {[%clk 0:14:31]} 37. hxg6+ {[%clk 0:01:30]} hxg6
{[%clk 0:14:52]} 38. Qh3 {[%clk 0:01:29]} Rxd6 {[%clk 0:10:15]} 39. Qh7+
{[%clk 0:01:53]} Ke8 {[%clk 0:10:21]} 40. Re1+ {[%clk 0:31:45]} Kd8
{[%clk 0:40:46]} 41. Qb7 {[%clk 0:18:42]} Re6 {[%clk 0:38:37]} 42. Qb8+
{[%clk 0:10:24]} Kd7 {[%clk 0:37:38]} 43. Rc1 {[%clk 0:10:10]} g5
{[%clk 0:35:15]} 44. Qb7+ {[%clk 0:09:31]} Ke8 {[%clk 0:35:27]} 45. Qc8+
{[%clk 0:05:51]} Kf7 {[%clk 0:35:33]} 46. Qh8 {[%clk 0:04:05]} a5
{[%clk 0:35:18]} 0-1

[Event "Aleksandria Cup"]
[Site "?"]
[Date "2015.07.13"]
[Round "1.15"]
[White "Shahinyan, David"]
[Black "Qalagashvili, Pridon"]
[Result "1-0"]
[LiveChessVersion "1.3.1"]
[BlackElo "2137"]
[WhiteElo "2451"]

1. c4 {[%clk 1:30:57]} c5 {[%clk 1:30:55]} 2. Nc3 {[%clk 1:31:15]} Nf6
{[%clk 1:31:20]} 3. g3 {[%clk 1:31:35]} Nc6 {[%clk 1:31:43]} 4. Bg2
{[%clk 1:31:57]} d6 {[%clk 1:32:08]} 5. e4 {[%clk 1:31:57]} e6 {[%clk 1:32:12]}
6. Nge2 {[%clk 1:32:14]} Be7 {[%clk 1:32:36]} 7. O-O {[%clk 1:32:30]} O-O
{[%clk 1:32:59]} 8. d3 {[%clk 1:31:59]} a6 {[%clk 1:32:49]} 9. a4
{[%clk 1:30:42]} Rb8 {[%clk 1:32:57]} 10. h3 {[%clk 1:30:59]} Nd7
{[%clk 1:31:51]} 11. Be3 {[%clk 1:29:50]} Bf6 {[%clk 1:31:22]} 12. d4
{[%clk 1:26:33]} cxd4 {[%clk 1:27:34]} 13. Nxd4 {[%clk 1:25:58]} Na5
{[%clk 1:27:54]} 14. b3 {[%clk 1:24:51]} Ne5 {[%clk 1:26:59]} 15. Rb1
{[%clk 1:22:33]} Qc7 {[%clk 1:23:02]} 16. Qd2 {[%clk 1:20:35]} b6
{[%clk 1:15:32]} 17. Rfc1 {[%clk 1:16:17]} Bb7 {[%clk 1:14:37]} 18. f4
{[%clk 1:14:25]} Nd7 {[%clk 1:14:53]} 19. Qe2 {[%clk 1:01:59]} Rbc8
{[%clk 1:13:06]} 20. g4 {[%clk 0:54:09]} Nc5 {[%clk 1:05:52]} 21. Ncb5
{[%clk 0:48:59]} axb5 {[%clk 1:05:57]} 22. Nxb5 {[%clk 0:49:15]} Qb8
{[%clk 1:05:59]} 23. b4 {[%clk 0:49:32]} Nxc4 {[%clk 0:50:31]} 24. Rxc4
{[%clk 0:37:04]} Nxa4 {[%clk 0:50:16]} 25. g5 {[%clk 0:37:32]} Bc3
{[%clk 0:36:37]} 26. Rxc8 {[%clk 0:36:16]} Rxc8 {[%clk 0:36:52]} 27. Qd1
{[%clk 0:36:36]} Qa8 {[%clk 0:23:06]} 28. Nxd6 {[%clk 0:36:35]} Rd8
{[%clk 0:04:34]} 29. Nxb7 {[%clk 0:36:12]} Rxd1+ {[%clk 0:05:00]} 30. Rxd1
{[%clk 0:36:38]} Bxb4 {[%clk 0:01:41]} 31. Rd8+ {[%clk 0:37:04]} Qxd8
{[%clk 0:02:10]} 32. Nxd8 {[%clk 0:37:27]} e5 {[%clk 0:01:09]} 33. f5
{[%clk 0:36:08]} b5 {[%clk 0:01:21]} 34. Nc6 {[%clk 0:34:32]} Bc3
{[%clk 0:01:38]} 35. Bf1 {[%clk 0:34:45]} b4 {[%clk 0:01:46]} 36. Bc4
{[%clk 0:35:10]} Nb2 {[%clk 0:01:56]} 37. Bb3 {[%clk 0:35:32]} g6
{[%clk 0:01:18]} 38. f6 {[%clk 0:34:28]} Nd3 {[%clk 0:01:18]} 39. Kf1
{[%clk 0:33:59]} Nf4 {[%clk 0:00:58]} 40. Bxf4 {[%clk 1:04:21]} exf4
{[%clk 0:31:23]} 41. Ke2 {[%clk 1:04:44]} h6 {[%clk 0:31:31]} 42. h4
{[%clk 1:05:04]} Kf8 {[%clk 0:30:42]} 43. Nd8 {[%clk 1:05:27]} h5
{[%clk 0:30:36]} 44. Nxf7 {[%clk 1:05:45]} f3+ {[%clk 0:31:05]} 45. Kxf3
{[%clk 1:06:05]} Be1 {[%clk 0:31:33]} 46. Ne5 {[%clk 1:06:28]} 1-0

[Event "Aleksandria Cup"]
[Site "?"]
[Date "2015.07.13"]
[Round "1.16"]
[White "Ebralidze, Alexandre"]
[Black "Harutjunyan, Gevorg"]
[Result "1/2-1/2"]
[LiveChessVersion "1.3.1"]
[BlackElo "2449"]
[WhiteElo "2135"]

1. d4 {[%clk 1:30:56]} Nf6 {[%clk 1:29:47]} 2. c4 {[%clk 1:31:13]} e6
{[%clk 1:30:05]} 3. Nf3 {[%clk 1:31:32]} Bb4+ {[%clk 1:30:21]} 4. Bd2
{[%clk 1:31:53]} a5 {[%clk 1:30:30]} 5. Nc3 {[%clk 1:31:15]} d5 {[%clk 1:28:30]}
6. e3 {[%clk 1:31:14]} O-O {[%clk 1:28:04]} 7. Qc2 {[%clk 1:30:04]} Nbd7
{[%clk 1:25:26]} 8. cxd5 {[%clk 1:24:31]} exd5 {[%clk 1:25:40]} 9. Bd3
{[%clk 1:24:31]} c6 {[%clk 1:24:47]} 10. O-O {[%clk 1:19:54]} Re8
{[%clk 1:21:16]} 11. Ne2 {[%clk 1:17:08]} Bd6 {[%clk 1:17:44]} 12. Ng3
{[%clk 1:14:10]} Nf8 {[%clk 1:15:36]} 13. Bc3 {[%clk 1:11:08]} Ng6
{[%clk 1:10:16]} 14. a3 {[%clk 1:08:43]} Bd7 {[%clk 0:54:53]} 15. b4
{[%clk 1:00:59]} a4 {[%clk 0:53:38]} 16. Qb2 {[%clk 0:53:21]} Ng4
{[%clk 0:50:17]} 17. b5 {[%clk 0:44:50]} Qf6 {[%clk 0:32:41]} 18. bxc6
{[%clk 0:42:43]} bxc6 {[%clk 0:33:04]} 19. Bb4 {[%clk 0:35:52]} Reb8
{[%clk 0:29:55]} 20. Qc3 {[%clk 0:33:15]} Bc7 {[%clk 0:23:08]} 21. e4
{[%clk 0:23:36]} Nf4 {[%clk 0:19:15]} 22. e5 {[%clk 0:22:39]} Qd8
{[%clk 0:19:10]} 23. Bc2 {[%clk 0:19:38]} Nh6 {[%clk 0:14:37]} 24. Qd2
{[%clk 0:19:05]} Ne6 {[%clk 0:13:08]} 25. Nh5 {[%clk 0:17:50]} Ng4
{[%clk 0:07:31]} 26. h3 {[%clk 0:13:16]} c5 {[%clk 0:07:41]} 27. dxc5
{[%clk 0:11:03]} Nxe5 {[%clk 0:07:43]} 28. Nxe5 {[%clk 0:10:27]} Bxe5
{[%clk 0:08:09]} 29. Rae1 {[%clk 0:10:32]} Bc7 {[%clk 0:05:33]} 30. Qxd5
{[%clk 0:05:18]} Bb5 {[%clk 0:04:10]} 31. Qe4 {[%clk 0:01:47]} Ng5
{[%clk 0:02:26]} 32. Qf5 {[%clk 0:01:00]} Bd7 {[%clk 0:00:44]} 33. Qd5
{[%clk 0:00:41]} Ra6 {[%clk 0:00:42]} 34. Bc3 {[%clk 0:00:51]} Rh6
{[%clk 0:00:35]} 35. Nxg7 {[%clk 0:00:37]} Bxh3 {[%clk 0:00:37]} 36. Qxd8+
{[%clk 0:00:47]} Rxd8 {[%clk 0:00:59]} 37. f4 {[%clk 0:00:51]} Ne6
{[%clk 0:00:42]} 38. gxh3 {[%clk 0:00:36]} Nxg7 {[%clk 0:01:04]} 39. Re3
{[%clk 0:00:32]} Ne6 {[%clk 0:00:38]} 40. Rg3+ {[%clk 0:30:48]} Kf8
{[%clk 0:30:56]} 41. Bxa4 {[%clk 0:20:17]} Ke7 {[%clk 0:26:55]} 42. Bb4
{[%clk 0:15:11]} Rd4 {[%clk 0:22:27]} 43. c6+ {[%clk 0:11:57]} Bd6
{[%clk 0:22:15]} 44. f5 {[%clk 0:09:13]} Rxb4 {[%clk 0:09:14]} 45. axb4
{[%clk 0:08:18]} Bxg3 {[%clk 0:09:37]} 46. fxe6 {[%clk 0:08:36]} Rxe6
{[%clk 0:09:52]} 47. Rd1 {[%clk 0:06:48]} Rd6 {[%clk 0:09:45]} 48. Rc1
{[%clk 0:01:40]} Rd8 {[%clk 0:09:49]} 49. b5 {[%clk 0:01:13]} Bc7
{[%clk 0:09:52]} 50. Re1+ {[%clk 0:01:11]} Kd6 {[%clk 0:07:02]} 51. Rd1+
{[%clk 0:00:57]} Kc5 {[%clk 0:06:51]} 52. Rxd8 {[%clk 0:00:45]} Bxd8
{[%clk 0:07:15]} 53. Kg2 {[%clk 0:00:49]} Kb4 {[%clk 0:07:03]} 1/2-1/2

[Event "Aleksandria Cup"]
[Site "?"]
[Date "2015.07.13"]
[Round "1.17"]
[White "Petrosyan, Manuel"]
[Black "Ghvamberia, Nika"]
[Result "1-0"]
[LiveChessVersion "1.3.1"]
[BlackElo "2133"]
[WhiteElo "2449"]

1. Nf3 {[%clk 1:30:55]} Nf6 {[%clk 1:30:50]} 2. c4 {[%clk 1:30:14]} c5
{[%clk 1:29:20]} 3. Nc3 {[%clk 1:28:32]} Nc6 {[%clk 1:29:42]} 4. e3
{[%clk 1:28:20]} e6 {[%clk 1:29:10]} 5. d4 {[%clk 1:28:28]} cxd4 {[%clk 1:29:26]}
6. exd4 {[%clk 1:28:34]} d5 {[%clk 1:29:33]} 7. a3 {[%clk 1:28:02]} Be7
{[%clk 1:25:36]} 8. Bd3 {[%clk 1:28:14]} dxc4 {[%clk 1:25:04]} 9. Bxc4
{[%clk 1:28:26]} O-O {[%clk 1:25:25]} 10. O-O {[%clk 1:28:50]} a6
{[%clk 1:21:56]} 11. Ba2 {[%clk 1:23:50]} b5 {[%clk 1:15:14]} 12. Bg5
{[%clk 1:11:33]} b4 {[%clk 1:06:49]} 13. Na4 {[%clk 1:09:08]} bxa3
{[%clk 0:57:48]} 14. bxa3 {[%clk 1:08:26]} Bb7 {[%clk 0:53:49]} 15. Rb1
{[%clk 1:00:16]} Na5 {[%clk 0:49:59]} 16. Ne5 {[%clk 0:55:30]} Be4
{[%clk 0:35:06]} 17. Rb6 {[%clk 0:51:44]} Bd5 {[%clk 0:23:28]} 18. Bb1
{[%clk 0:40:35]} Rc8 {[%clk 0:11:22]} 19. Rxa6 {[%clk 0:28:33]} Nc4
{[%clk 0:09:11]} 20. Bd3 {[%clk 0:27:57]} Nxe5 {[%clk 0:05:46]} 21. dxe5
{[%clk 0:24:58]} Nd7 {[%clk 0:06:11]} 22. Bxe7 {[%clk 0:23:18]} Qxe7
{[%clk 0:06:39]} 23. Qe2 {[%clk 0:23:17]} Ra8 {[%clk 0:05:24]} 24. Qe3
{[%clk 0:17:47]} Rxa6 {[%clk 0:04:12]} 25. Bxa6 {[%clk 0:18:11]} Rb8
{[%clk 0:03:58]} 26. Nc3 {[%clk 0:03:03]} Qxa3 {[%clk 0:00:52]} 27. Bb5
{[%clk 0:03:29]} Qe7 {[%clk 0:01:15]} 28. Bxd7 {[%clk 0:01:05]} Qxd7
{[%clk 0:01:40]} 29. Rd1 {[%clk 0:01:19]} Qc6 {[%clk 0:00:51]} 30. Nxd5
{[%clk 0:01:44]} exd5 {[%clk 0:01:18]} 31. h3 {[%clk 0:01:41]} h6
{[%clk 0:01:24]} 32. Kh2 {[%clk 0:00:59]} Rb2 {[%clk 0:00:54]} 33. Qd4
{[%clk 0:00:51]} Qc2 {[%clk 0:00:58]} 34. Qxd5 {[%clk 0:00:49]} Qxf2
{[%clk 0:01:17]} 35. Qa8+ {[%clk 0:01:19]} Kh7 {[%clk 0:01:21]} 36. Qe4+
{[%clk 0:01:48]} g6 {[%clk 0:01:27]} 37. Rd7 {[%clk 0:01:20]} Qf5
{[%clk 0:00:38]} 38. Qxf5 gxf5 {[%clk 0:01:07]} 39. e6 {[%clk 0:00:35]} f4
{[%clk 0:00:47]} 40. exf7 {[%clk 0:30:33]} Kg7 {[%clk 0:31:16]} 41. Kg1
{[%clk 0:28:53]} Rc2 {[%clk 0:30:15]} 42. Rd6 {[%clk 0:18:52]} Rc8
{[%clk 0:23:28]} 43. Kf2 {[%clk 0:17:55]} Rf8 {[%clk 0:23:49]} 44. Rd7
{[%clk 0:17:22]} Kg6 {[%clk 0:21:01]} 45. Kf3 {[%clk 0:17:09]} Rxf7
{[%clk 0:20:59]} 46. Rxf7 {[%clk 0:16:36]} Kxf7 {[%clk 0:21:28]} 47. Kxf4
{[%clk 0:15:44]} Kf6 {[%clk 0:21:56]} 48. g3 {[%clk 0:13:06]} Ke6
{[%clk 0:19:30]} 49. g4 {[%clk 0:12:57]} Kf6 {[%clk 0:19:17]} 50. h4
{[%clk 0:13:10]} Ke6 {[%clk 0:17:44]} 51. Ke4 {[%clk 0:13:13]} Kf6
{[%clk 0:16:01]} 52. Kd5 {[%clk 0:13:14]} Ke7 {[%clk 0:13:11]} 53. Ke5
{[%clk 0:13:26]} h5 {[%clk 0:13:30]} 54. g5 {[%clk 0:13:44]} Kf7 {[%clk 0:13:55]}
55. Kd6 {[%clk 0:13:55]} Kf8 {[%clk 0:12:46]} 56. Ke6 {[%clk 0:14:09]} 1-0